[Event "Verbandsliga Suedbaden 1617"]
[Site "Baden"]
[Date "2016.10.23"]
[Round "2.5"]
[White "Weh, Christopher"]
[Black "Leonov, Michael"]
[Result "1/2-1/2"]
[WhiteElo "1720"]
[BlackElo "1899"]
[PlyCount "81"]
[EventDate "2016.10.09"]
[EventType "team-tourn"]
[EventRounds "9"]
[EventCountry "GER"]
[SourceTitle "EXT 2022"]
[Source "ChessBase"]
[SourceDate "2021.10.06"]
[SourceVersion "1"]
[SourceVersionDate "2021.10.06"]
[SourceQuality "1"]
[WhiteTeam "Engen"]
[BlackTeam "Baden Baden IV"]
[WhiteTeamCountry "GER"]
[BlackTeamCountry "GER"]

1. e4 c6 2. d4 d5 3. e5 Bf5 4. Nf3 e6 5. Be2 h6 6. c3 Qb6 7. Nbd2 c5 8. Qb3 c4 9. Qxb6 axb6 10. Nf1 Nc6 11. Ne3 Bh7 12. Bd2 Nge7 13. 0-0 Nf5 14. Rfc1 Nxe3 15. Bxe3 Be7 16. Bd1 b5 17. a3 Kd7 18. Bc2 Bxc2 19. Rxc2 b4 20. cxb4 Nxb4 21. Rcc1 Nd3 22. Rcb1 b5 23. Bd2 Rhb8 24. Ne1 Nxe1 25. Bxe1 Ra4 26. Rc1 Rba8 27. Rab1 b4 28. axb4 Bxb4 29. Kf1 Be7 30. Bd2 R8a7 31. Ke2 f6 32. f4 f5 33. g3 g5 34. Kd1 Rb7 35. Kc2 Ra8 36. Ra1 Rab8 37. Rab1 Rb3 38. Bc3 gxf4 39. gxf4 Rg8 40. Rg1 Rbb8 41. Ra1 1/2-1/2